| 000 | 00514 a2200169 4500 | ||
|---|---|---|---|
| 001 | 066543 | ||
| 003 | OSt | ||
| 005 | 20211001110436.0 | ||
| 008 | |||
| 082 |
_a813.52 _bW93E |
||
| 100 | 1 | _aWright, Sarah Bird | |
| 245 | 1 |
_aEdith wharton A to Z _cby Sarah Bird Wright |
|
| 260 |
_aNew York _bFact on File _c1998 |
||
| 300 | _a330p. | ||
| 690 | _aNovelists, American--Biography; Women and literature; Novelists, American; United States; Women novelists, American | ||
| 942 |
_2ddc _cBK |
||
| 999 |
_c588 _d588 |
||